000 01882nac a2200337 a 4500
003 CO-PeBPM
005 20260315203523.0
007 ta
008 260315s2013 ck a|||| |||| 00| 0 spa d
020 _a9789583008504
040 _aCO-PeBPM
_bspa
_cCO-PeBPM
_erda
041 _aspa
082 0 4 _a398.2098 B494t
_222
100 1 _aBergdolt de Walschburger, Ute Elisabeth
_eautor
245 1 0 _aEl tesoro de Tibabuyes
_b : Y otros mitos y leyendas de nuestra América
_c/ Ute Bergdolt de Walschburger ; ilustraciones Boris Greiff; edición Gabriel Silva Rincón
250 _aQuinta reimpresión
264 _aBogotá, Colombia
_b: Panamericana Editorial
_c, 2013
300 _a126 páginas
_bilustraciones en blanco y negro
_c21 centimetros
336 _2rdacontent
_atexto
_btxt
337 _2rdamedia
_asin mediación
_bn
338 _2rdacarrier
_avolumen
_bnc
490 _aColección Letras Latinoamericanas
500 _aIncluye índice
520 _aEsta obra recrea leyendas de muchas clases y de épocas muy variadas: desde las que abordan la cosmología, la influencia en los dioses, la formación del mundo y del hombre, tal como las contaban los nativos americanos antes de la conquista, hasta las que describen situaciones más recientes y que gracias a la narración se convirtieron en tradición. Tanto las unas como las otras son reflejo fiel de la sorprendente capacidad de nuestros pueblos para imaginar, para afirmarse y para proyectarse, y que a pesar de que durante siglos han venido trasmitiéndose de generación en generación, muchas están en proceso de desaparecer...tomado de la contracubierta del libro
650 1 7 _aLeyendas latinoamericanas
_2LEMB
650 1 7 _aLeyendas indígenas
_2LEMB
650 1 7 _a Mitología indígena
_2LEMB
700 1 _aBoris, Greiff
_eilustrador
700 1 _aSilva Rincón, Gabriel
_eEdición
942 _2ddc
_n0
_cBK
999 _c107220
_d107220